Singularidades de aplicações diferenciáveis /

Guardado en:
Autor Principal: Sotomayor, Jorge.
Autor Corporativo: Escola Latino Americana de Matemática
Formato: Libro
Idioma:Portuguese
Publicado: [Rio de Janeiro] : Instituto de Matemática Pura e Aplicada, 1976.
Etiquetas: Agregar Etiqueta
Sin Etiquetas, Sea el primero en etiquetar este registro!
LEADER 00685nam a22001695a 4500
001 MAT.inmabb002719
008 050907s1976####bl#######b####000#0#por#d
005 20170524162113.0
245 1 0 |a Singularidades de aplicações diferenciáveis /  |c Jorge Sotomayor. 
260 |a [Rio de Janeiro] :  |b Instituto de Matemática Pura e Aplicada,  |c 1976. 
300 |a viii, 334 p. ;  |c 21 cm. 
500 |a "III Escola Latino Americana de Matemática". 
504 |a Bibliografía: p. 329-334. 
100 1 |a Sotomayor, Jorge. 
711 2 |a Escola Latino Americana de Matemática  |n (3a. :  |d 1976 :  |c Rio de Janeiro) 
084 |a 58-01 (58A05 58A20 58D05 58K05 58K35)  |2 msc2000 
859 |h 58  |i So718  |p A-8045  |b BIB. MATEMATICA